| 000 | 00540nam a2200181Ia 4500 | ||
|---|---|---|---|
| 001 | 45318 | ||
| 008 | 140428s9999 xx 000 0 und d | ||
| 020 | _aNA | ||
| 040 | _cPK-LaUMT | ||
| 082 |
_aRHC 891.551 _bKHA-A |
||
| 100 | _aUstad Khalil Allah Khalili | ||
| 245 |
_aAshak-o-khoon (Persian) _bbergazeedah juz soom divaan _cUstad Khalil Allah Khalili |
||
| 260 |
_aIslamabad,Pakistan: _bRazani Farhangi Safarat Jamhoori Islami Iran, _c1985 |
||
| 300 | _a216 p. | ||
| 546 | _aPersian | ||
| 650 | _aIran literature-Persian | ||
| 942 | _cBK | ||
| 999 |
_c43286 _d43286 |
||